000 00269nam a22001337a 4500
020 _a0-7214-0589-0589-4
082 _a823
_bCOL/B
100 _aCOLLODI, CARLO
245 _aPINOCCHIO
260 _aUK
300 _a51
650 _aENGLISH SHORT STORY
_zUK
942 _cBK
999 _c4000
_d4000